Регионална библиотека "Любен Каравелов" - Русе

Следата (Запис номер 87137)

MARC детайли
000 -Лидер
Контролно поле с фиксирана дължина 01234nam a2200337 c 4500
003 - Код на организацията, давaща контролен номер
Контролно поле BLK
005 - Дата и час на последна редакция
Контролно поле 20230104110903.0
008 - Елементи от данни с фиксирана дължина
fixed length control field 180408b bul|||||r ||||||| ||bul||
010 ## - Наследен системен номер
LC control number KNG00091767000
020 ## - Международен стандартен номер на книга ISBN
Международен стандартен номер на книга ISBN 978-954-729-263-5
-- издат.: АТИКА
040 ## - Източник на каталожния запис
Идентификатор на билиотеката - собственик на записа BLK
041 ## - Код за език
Код за езика на текст/звукозапис или на отделно заглавие Български
Код за езика КДБФ Български
080 ## - УДК
Текстов определител УДК Английска литература
УДК код - определител по УДК 821.111
УДК определител -312.4
УДК - код + определител 821.111-312.4
100 1# - Редна дума - Автор
Автор Къртис, Джек
Авторска отговорност първи автор
Автор - информация (биография) Херсънт, Дейвид
R(LIN) 302608
139 ## - Редно поле
Редна дума Къртис, Джек
Авторски знак Кърд - К 97
245 10 - Сведения за заглавието
Заглавие Следата
Подзаглавни данни Роман
Редно поле (дума) Джек Къртис; прев. Ленко Веселинов.
257 ## - Страна на издаване
Страна на създаване/издаване Великобритания
260 ## - Област на издателските данни
-- София
Име на издателя, разпространителя и проч. АТИКА
Година на издаване 2009
300 ## - Физическа характеристика
Страници 399 с.
Размери/Мащаб 20 см
380 ## - Жанр
Жанр Худож. лит.
490 1# - СЕРИИ (Колекции)
Име на серия Crime Mystery
500 ## - Общи забележки
Забележка Ориг. загл. Glory / Jack Kurtis. - Джек Къртис е псевд. на Дейвид Херсънт [David Harsent]. - Офс. изд.
653 ## - Ключова дума – ненормативна
Ключова дума трилъри
653 ## - Ключова дума – ненормативна
Ключова дума романи
700 1# - Други автори (авторска отговорност)
Лично име Веселинов, Ленко
Автороска отговорност (Описва отношението между автора и произведението) прев.
9 (RLIN) 371314
852 ## - Местоположение
Форматна сигнатура Цб 245520
856 4# - Електронен адрес и достъп
Електронен формат pdf - файл
Път до файла /url/
856 4# - Електронен адрес и достъп
Електронен формат pdf - файл
Път до файла /url/
942 ## - АРТИКУЛИ
Вид на библиотечния материал Книги
Скрит в OPAC Не
Koha issues (borrowed), all copies 19
944 ## - СЪЗДАВАНЕ И РЕДАКЦИЯ на ЗАПИСА
Създаване/Редакция Създаване
Дата на регистрацията/редакция 01.10.2009
Статус, дата на статуса ф /
Служител, извършил регистрацията/редакцията Пенка_Димитрова
944 ## - СЪЗДАВАНЕ И РЕДАКЦИЯ на ЗАПИСА
Създаване/Редакция Редакция
Дата на регистрацията/редакция 21.11.2013
Статус, дата на статуса ф /
Служител, извършил регистрацията/редакцията
999 ## - СИСТЕМНИ КОНТРОЛНИ НОМЕРА
Koha biblionumber 87137
Koha biblioitemnumber 87137
Наличности
Код за отписване Код за изгубен артикул Източник на класификационната схема Код за повреда Коз за рестрикции Код за отдаване Артикулен № Име на библиотеката - собственик Име на библиотеката, в която се намира в момента Статус (Текущо местоположение) Дата на вписване в системата Местоположение - отдел Цена в лева Инвентарен номер Систематично азбучна сигнатура Баркод Номер на екземпляра Цена в евро Служебна бележка Служебен тип на артикула
Изтеглен Не е изгубен Universal Decimal Classification Не е повреден без рестрикции заемане за дома 141188 Регионална библиотека "Любен Каравелов" Русе Регионална библиотека "Любен Каравелов" Русе Количка 2009-10-01 Заемна - подръчен фонд 11.99 120000738754 П 820-31/К 97 120000738754 1 6.13 Дост: Pk Вид: Ф N: 54 Дата: 01.10.2009 Дата инв: 06.03.2018 Бележки инв: П2018 Книги
  Не е изгубен Universal Decimal Classification Не е повреден без рестрикции заемане за дома 141189 Регионална библиотека "Любен Каравелов" Русе Регионална библиотека "Любен Каравелов" Русе Заемна - подръчен фонд 2009-10-01 Заемна - подръчен фонд 11.99 120000738755 П 821-31/К 97 120000738755 2 6.13 Дост: Pk Вид: Ф N: 54 Дата: 01.10.2009 Дата инв: 16.02.2018 Бележки инв: П2018 Книги
  Не е изгубен   Не е повреден без рестрикции ползва се в читалня 141190 Регионална библиотека "Любен Каравелов" Русе Регионална библиотека "Любен Каравелов" Русе Хранилище 2013-11-20 Хранилище 11.99 120000771858 Цб 245520 120000771858 3 6.13 Дост: Dp Вид: Д N: 45 Дата: 07.11.2012 Книги
Vip Innovations Ltd, Rousse, Bulgaria 2025